000 00759nam a22002297a 4500
003 UA-OsUOA
001 23865
007 ta
008 20040130b un ||||| |||| 00| 0 ukr d
090 _a341.43
_bО-88
942 _cBK
040 _aUA-OsUOA
_brus
_cUA-OsUOA
_dUA-OsUOA
245 _aОтчет о выполнении исследовательского проекта "Соблюдение прав человека в Украине по отношению к беженцам и лицам, идущим убежище"
300 _a115 с.
955 _a0
041 _arus
080 _a341.43
260 _aКиев
_bИнститут социологии НАН Украины
_c1999
044 _aUA
650 7 _2UDC
999 _c310125
_d310125